[Event "BCF-chT1c 0910 (4NCL) Promotion pool"]
[Site "England"]
[Date "2010.03.28"]
[Round "8.7"]
[White "McDonald, Neil R"]
[Black "McFarland, Robert S"]
[Result "1-0"]
[WhiteElo "2421"]
[BlackElo "2215"]
[PlyCount "33"]
[EventDate "2009.10.24"]
[EventType "team-tourn"]
[EventRounds "4"]
[EventCountry "ENG"]
[SourceTitle "EXT 2011"]
[Source "ChessBase"]
[SourceDate "2010.11.26"]
[SourceVersion "1"]
[SourceVersionDate "2010.11.26"]
[SourceQuality "1"]
[WhiteTeam "Wood Green Hilsmark Kingfisher"]
[BlackTeam "Wood Green Hilsmark Kingfisher II"]
[WhiteTeamCountry "ENG"]
[BlackTeamCountry "ENG"]

1. e4 g6 2. d4 Bg7 3. Nc3 d6 4. Be3 a6 5. a4 Nd7 6. Nf3 b6 7. Bd3 Bb7 8. 0-0 Ngf6 9. Qd2 e5 10. d5 h6 11. h3 Nc5 12. a5 Nxd3 13. cxd3 b5 14. Rfc1 c5 15. dxc6 Bxc6 16. Na2 Bb7 17. Bb6 1-0

[Event "BCF-chT1b 0910 (4NCL)"]
[Site "England"]
[Date "2009.10.24"]
[Round "1.6"]
[White "O'Neill, Paul A"]
[Black "McFarland, Robert S"]
[Result "1/2-1/2"]
[WhiteElo "2163"]
[BlackElo "2215"]
[PlyCount "44"]
[EventDate "2009.10.24"]
[EventType "team-tourn"]
[EventRounds "7"]
[EventCountry "ENG"]
[SourceTitle "EXT 2011"]
[Source "ChessBase"]
[SourceDate "2010.11.26"]
[SourceVersion "1"]
[SourceVersionDate "2010.11.26"]
[SourceQuality "1"]
[WhiteTeam "South Wales Dragons"]
[BlackTeam "Wood Green Hilsmark Kingfisher II"]
[WhiteTeamCountry "ENG"]
[BlackTeamCountry "ENG"]

1. d4 g6 2. c4 Bg7 3. Nc3 Nf6 4. e4 d6 5. h3 0-0 6. Bg5 h6 7. Be3 c5 8. d5 a6 9. a4 e6 10. Nge2 exd5 11. exd5 Re8 12. Ng3 Nbd7 13. Be2 Qe7 14. 0-0 Kh7 15. Qd2 Ng8 16. Rae1 f5 17. Bd1 Ne5 18. b3 Qf8 19. Bc2 Bd7 20. a5 Rab8 21. f4 Nf7 22. Bf2 Rxe1 1/2-1/2

[Event "BCF-chT 0708 (4NCL)"]
[Site "Sunningdale"]
[Date "2008.05.03"]
[Round "9.5"]
[White "McFarland, Robert S"]
[Black "Richardson, John R"]
[Result "0-1"]
[WhiteElo "2233"]
[BlackElo "2298"]
[PlyCount "73"]
[EventDate "2007.09.15"]
[EventType "team-tourn"]
[EventRounds "11"]
[EventCountry "ENG"]
[SourceTitle "EXT 2008"]
[Source "ChessBase"]
[SourceDate "2007.11.25"]
[SourceVersion "1"]
[SourceVersionDate "2007.11.25"]
[SourceQuality "1"]
[WhiteTeam "Hilsmark Kingfisher"]
[BlackTeam "The ADS"]
[WhiteTeamCountry "ENG"]
[BlackTeamCountry "ENG"]

1. Nf3 d5 2. g3 Nf6 3. Bg2 c5 4. b3 Nc6 5. Bb2 Qc7 6. 0-0 e5 7. d3 Be7 8. c4 d4 9. e4 dxe3 10. fxe3 Bg4 11. Nc3 Rd8 12. e4 Qd7 13. Nd5 h5 14. h3 Bxh3 15. Nxe5 Nxe5 16. Bxe5 Nxd5 17. cxd5 f6 18. Bf4 g5 19. Bc1 h4 20. gxh4 Rxh4 21. Qf3 Bxg2 22. Kxg2 Qd6 23. Rh1 Rxh1 24. Kxh1 Kd7 25. Qh3+ Kc7 26. Qh2 Qxh2+ 27. Kxh2 Rh8+ 28. Kg2 Bd6 29. Be3 Rh2+ 30. Kg1 b6 31. Bf2 g4 32. d4 g3 33. Be3 Re2 34. dxc5 bxc5 35. Bh6 Be5 36. Rc1 Bd4+ 37. Kf1 0-1

[Event "BCF-chT 0708 (4NCL)"]
[Site "Sunningdale"]
[Date "2008.03.01"]
[Round "7.7"]
[White "Taylor, Peter P"]
[Black "McFarland, Robert S"]
[Result "1/2-1/2"]
[WhiteElo "2224"]
[BlackElo "2233"]
[PlyCount "42"]
[EventDate "2007.09.15"]
[EventType "team-tourn"]
[EventRounds "11"]
[EventCountry "ENG"]
[SourceTitle "EXT 2008"]
[Source "ChessBase"]
[SourceDate "2007.11.25"]
[SourceVersion "1"]
[SourceVersionDate "2007.11.25"]
[SourceQuality "1"]
[WhiteTeam "Barbican II"]
[BlackTeam "Hilsmark Kingfisher"]
[WhiteTeamCountry "ENG"]
[BlackTeamCountry "ENG"]

1. Nf3 g6 2. c4 Bg7 3. d4 Nf6 4. Nc3 d6 5. e4 0-0 6. Be2 e5 7. 0-0 Nc6 8. d5 Ne7 9. b4 a5 10. Ba3 axb4 11. Bxb4 b6 12. a4 Nd7 13. a5 Nc5 14. axb6 Rxa1 15. Qxa1 cxb6 16. Qa7 Bd7 17. Rb1 Nc8 18. Qa2 f5 19. Bxc5 bxc5 20. Rb8 Bh6 21. Bd1 Qc7 1/2-1/2

[Event "BCF-chT2 0607 (4NCL)"]
[Site "Sunningdale"]
[Date "2007.03.04"]
[Round "8.4"]
[White "McFarland, Robert S"]
[Black "Osborne, Marcus E"]
[Result "1/2-1/2"]
[WhiteElo "2238"]
[BlackElo "2257"]
[PlyCount "42"]
[EventDate "2006.09.16"]
[EventType "team"]
[EventRounds "11"]
[EventCountry "ENG"]
[SourceTitle "EXT 2008"]
[Source "ChessBase"]
[SourceDate "2007.11.25"]
[SourceVersion "1"]
[SourceVersionDate "2007.11.25"]
[SourceQuality "1"]
[WhiteTeam "Hilsmark Kingfisher II"]
[BlackTeam "Richmond"]
[WhiteTeamCountry "ENG"]
[BlackTeamCountry "ENG"]

1. Nf3 d5 2. g3 Bg4 3. Bg2 c6 4. b3 Nd7 5. Bb2 e6 6. d3 Ngf6 7. Nbd2 Bc5 8. 0-0 0-0 9. c4 Qb8 10. Qc2 Rc8 11. a3 a5 12. Bc3 b5 13. b4 axb4 14. axb4 Bd6 15. c5 Bc7 16. Rxa8 Qxa8 17. Ra1 Qb7 18. Qa2 e5 19. e3 Bf5 20. Bf1 Bb8 21. Qb2 Re8 1/2-1/2

[Event "BCF-chT2 0607 (4NCL)"]
[Site "Sunningdale"]
[Date "2007.01.14"]
[Round "6.3"]
[White "Corkett, Anthony R"]
[Black "McFarland, Robert S"]
[Result "1/2-1/2"]
[WhiteElo "2340"]
[BlackElo "2238"]
[PlyCount "89"]
[EventDate "2006.09.16"]
[EventType "team"]
[EventRounds "11"]
[EventCountry "ENG"]
[SourceTitle "EXT 2008"]
[Source "ChessBase"]
[SourceDate "2007.11.25"]
[SourceVersion "1"]
[SourceVersionDate "2007.11.25"]
[SourceQuality "1"]
[WhiteTeam "Wessex"]
[BlackTeam "Hilsmark Kingfisher II"]
[WhiteTeamCountry "ENG"]
[BlackTeamCountry "ENG"]

1. e4 g6 2. d4 Bg7 3. Nc3 d6 4. Be3 a6 5. Nf3 Nd7 6. Bd3 b5 7. a4 b4 8. Na2 c5 9. c3 bxc3 10. bxc3 Ngf6 11. 0-0 0-0 12. Rb1 Qc7 13. h3 e5 14. dxe5 Nxe5 15. Nxe5 dxe5 16. c4 Bd7 17. Nc3 Rfb8 18. Bg5 h6 19. Bxf6 Bxf6 20. Nd5 Qd6 21. a5 Bd8 22. Qd2 Kg7 23. Qc3 Rxb1 24. Bxb1 Rb8 25. Bc2 f6 26. Rd1 Rb7 27. Qa3 Qc6 28. Qa1 Rb8 29. Rd3 Be6 30. h4 h5 31. Rg3 Bf7 32. Qa3 Qd6 33. Rd3 Qf8 34. Qc3 Qe8 35. Rg3 Qe6 36. Qe3 Qc6 37. Qa3 Qd6 38. Rd3 Qf8 39. f4 exf4 40. Nxf4 Bc7 41. Nxg6 Kxg6 42. e5 Kg7 43. exf6+ Kg8 44. Qc1 Rd8 45. Rf3 1/2-1/2

[Event "BCF-chT2 0607 (4NCL)"]
[Site "Sunningdale"]
[Date "2006.09.17"]
[Round "2.3"]
[White "McFarland, Robert S"]
[Black "Williamson, Paul L"]
[Result "1-0"]
[WhiteElo "2238"]
[BlackElo "2135"]
[PlyCount "49"]
[EventDate "2006.09.16"]
[EventType "team"]
[EventRounds "11"]
[EventCountry "ENG"]
[SourceTitle "CBM 115 Extra"]
[Source "ChessBase"]
[SourceDate "2007.01.10"]
[SourceVersion "1"]
[SourceVersionDate "2007.01.10"]
[SourceQuality "1"]
[WhiteTeam "Hilsmark Kingfisher II"]
[BlackTeam "Barbican Youth"]
[WhiteTeamCountry "ENG"]
[BlackTeamCountry "ENG"]

1. Nf3 Nf6 2. g3 g6 3. Bg2 Bg7 4. c4 c6 5. d4 0-0 6. 0-0 d5 7. Nbd2 Ne4 8. b3 Nd7 9. Bb2 Ndf6 10. Ne5 Bf5 11. Rc1 Bh6 12. e3 Qa5 13. Nxe4 Nxe4 14. a3 f6 15. Nd3 dxc4 16. bxc4 Nd6 17. Qb3 Qb6 18. Nb4 Nf7 19. c5 Qc7 20. d5 a5 21. dxc6 axb4 22. cxb7 Ra6 23. Qxb4 Bd7 24. c6 Bxc6 25. Rxc6 1-0

[Event "BCF-chT3 0506 (4NCL)"]
[Site "Birmingham"]
[Date "2006.04.30"]
[Round "10.1"]
[White "McFarland, Robert S"]
[Black "Gregory, Keith D"]
[Result "1-0"]
[WhiteElo "2257"]
[BlackElo "2093"]
[PlyCount "63"]
[EventDate "2005.10.22"]
[EventType "team"]
[EventRounds "11"]
[EventCountry "ENG"]
[SourceTitle "EXT 2007"]
[Source "ChessBase"]
[SourceDate "2006.11.23"]
[SourceVersion "1"]
[SourceVersionDate "2006.11.23"]
[SourceQuality "1"]
[WhiteTeam "Mindsports"]
[BlackTeam "Wessex II"]
[WhiteTeamCountry "ENG"]
[BlackTeamCountry "ENG"]

1. Nf3 d6 2. d4 g6 3. c4 Bg7 4. Nc3 Nf6 5. g3 0-0 6. Bg2 Nfd7 7. 0-0 Nc6 8. e4 e5 9. d5 Ne7 10. Be3 h6 11. Ne1 f5 12. Nd3 g5 13. f3 f4 14. Bf2 Nf6 15. c5 Ng6 16. Rc1 Rf7 17. Qb3 h5 18. cxd6 cxd6 19. Nb5 a6 20. Nc7 Rxc7 21. Bb6 Rxc1 22. Bxd8 Rxf1+ 23. Bxf1 g4 24. Bxf6 Bxf6 25. fxg4 hxg4 26. Qb6 Be7 27. Qc7 f3 28. Nf2 Kf8 29. Nd1 Kf7 30. Ne3 b5 31. h3 gxh3 32. Kh2 1-0

[Event "BCF-chT2 0405 (4NCL)"]
[Site "West Bromwich"]
[Date "2005.05.01"]
[Round "10.3"]
[White "Sasot Samplon, Eloy"]
[Black "McFarland, Robert S"]
[Result "1/2-1/2"]
[WhiteElo "2141"]
[BlackElo "2282"]
[PlyCount "24"]
[EventDate "2004.09.18"]
[EventType "team"]
[EventRounds "11"]
[EventCountry "ENG"]
[SourceTitle "EXT 2006"]
[Source "ChessBase"]
[SourceDate "2005.11.24"]
[SourceVersion "1"]
[SourceVersionDate "2005.11.24"]
[SourceQuality "1"]
[WhiteTeam "Bristol II"]
[BlackTeam "Mindsports"]
[WhiteTeamCountry "ENG"]
[BlackTeamCountry "ENG"]

1. d4 g6 2. c4 Bg7 3. Nc3 d6 4. e4 Nf6 5. f3 0-0 6. Be3 Nbd7 7. Qd2 c5 8. Nge2 a6 9. a4 Qa5 10. Nd5 Qxd2+ 11. Kxd2 Nxd5 12. exd5 b6 1/2-1/2

[Event "BCF-chT2 0405 (4NCL)"]
[Site "West Bromwich"]
[Date "2004.11.21"]
[Round "4.1"]
[White "McDonald, Neil R"]
[Black "McFarland, Robert S"]
[Result "0-1"]
[WhiteElo "2380"]
[BlackElo "2282"]
[PlyCount "76"]
[EventDate "2004.09.18"]
[EventType "team"]
[EventRounds "11"]
[EventCountry "ENG"]
[SourceTitle "EXT 2006"]
[Source "ChessBase"]
[SourceDate "2005.11.24"]
[SourceVersion "1"]
[SourceVersionDate "2005.11.24"]
[SourceQuality "1"]
[WhiteTeam "Wood Green III"]
[BlackTeam "Mindsports"]
[WhiteTeamCountry "ENG"]
[BlackTeamCountry "ENG"]

1. e4 g6 2. d4 d6 3. Nc3 c6 4. Be3 Bg7 5. Qd2 Nd7 6. h4 h5 7. Nf3 b5 8. Ng5 Nb6 9. b3 Bb7 10. a4 a6 11. Bd3 e6 12. axb5 cxb5 13. 0-0 d5 14. exd5 Nxd5 15. Nce4 Ngf6 16. Nc5 Qb6 17. Qa5 Qxa5 18. Rxa5 Rb8 19. Nge4 Nxe3 20. fxe3 Bxe4 21. Bxe4 Ng4 22. Bc6+ Ke7 23. Rxa6 Nxe3 24. Ra7+ Kd6 25. Rfxf7 Bxd4 26. Bf3 Bxc5 27. Rad7+ Ke5 28. Kh2 Rhd8 29. Rc7 Rbc8 30. Rb7 Rb8 31. Rbc7 Rdc8 32. Rcd7 Nf5 33. Rd1 Bf2 34. Rd2 Bxh4 35. Re2+ Kd6 36. Ra7 Rb6 37. Be4 Bg5 38. Bxf5 gxf5 0-1

[Event "BCF-chT2 0405 (4NCL)"]
[Site "West Bromwich"]
[Date "2004.11.20"]
[Round "3.1"]
[White "McFarland, Robert S"]
[Black "Cooper, John Grantley"]
[Result "0-1"]
[WhiteElo "2282"]
[BlackElo "2346"]
[PlyCount "142"]
[EventDate "2004.09.18"]
[EventType "team"]
[EventRounds "11"]
[EventCountry "ENG"]
[SourceTitle "EXT 2006"]
[Source "ChessBase"]
[SourceDate "2005.11.24"]
[SourceVersion "1"]
[SourceVersionDate "2005.11.24"]
[SourceQuality "1"]
[WhiteTeam "Mindsports"]
[BlackTeam "SW Dragons"]
[WhiteTeamCountry "ENG"]
[BlackTeamCountry "ENG"]

1. Nf3 d5 2. g3 c5 3. Bg2 Nc6 4. 0-0 e5 5. d3 Nf6 6. e4 d4 7. Nbd2 Bd6 8. Nc4 Bc7 9. a4 Bg4 10. h3 Be6 11. Qe2 0-0 12. Ng5 Bd7 13. Bd2 h6 14. Nf3 Qc8 15. Kh2 Nh7 16. Ng1 f5 17. f4 exf4 18. Bxf4 fxe4 19. Qxe4 Nf6 20. Qe2 Bxf4 21. Rxf4 Qc7 22. Raf1 Rae8 23. Qd2 Ne7 24. Rxf6 Rxf6 25. Rxf6 gxf6 26. Qxh6 Qxg3+ 27. Kxg3 Nf5+ 28. Kf2 Nxh6 29. Bxb7 Bxa4 30. b3 Bd7 31. Nd6 Re5 32. Nf3 Rh5 33. h4 Kg7 34. Ne4 Ng4+ 35. Ke2 Ne5 36. Ng3 Rh8 37. Nxe5 fxe5 38. Ne4 Rxh4 39. Nxc5 Rh2+ 40. Kd1 Bf5 41. Kc1 Kf6 42. Bd5 Ke7 43. Ne4 Bg4 44. Bc4 Bf3 45. Nd2 Bc6 46. b4 Rg2 47. Nb3 Kd6 48. Kb2 Bd5 49. Bb5 Rg8 50. Ka3 Rc8 51. Na1 e4 52. dxe4 Bxe4 53. Ba4 Ke5 54. Kb2 Rc4 55. Ka3 Rc3+ 56. Kb2 Rg3 57. Ka2 Rg2 58. Kb1 Kd6 59. Bb3 Bd5 60. Ba4 Bc4 61. Kc1 Bd5 62. Nb3 Ke5 63. Nc5 Bc4 64. Nb3 Rf2 65. Na5 Bd5 66. Nc6+ Bxc6 67. Bxc6 Rf6 68. Be8 Kd5 69. Kb2 Kc4 70. b5 Kb4 71. Kb1 Kc3 0-1

[Event "BCF-chT2 0304 (4NCL)"]
[Site "West Bromwich"]
[Date "2004.05.22"]
[Round "10.3"]
[White "McFarland, Robert S"]
[Black "Dineley, Richard"]
[Result "1/2-1/2"]
[WhiteElo "2268"]
[BlackElo "2269"]
[PlyCount "39"]
[EventDate "2003.11.17"]
[EventType "team"]
[EventRounds "11"]
[EventCountry "ENG"]
[SourceTitle "EXT 2005"]
[Source "ChessBase"]
[SourceDate "2004.11.15"]
[SourceVersion "1"]
[SourceVersionDate "2004.11.15"]
[SourceQuality "1"]
[WhiteTeam "Mindsports"]
[BlackTeam "SW Dragons"]
[WhiteTeamCountry "ENG"]
[BlackTeamCountry "ENG"]

1. Nf3 c5 2. c4 Nf6 3. Nc3 Nc6 4. g3 g6 5. Bg2 Bg7 6. 0-0 d5 7. d4 0-0 8. cxd5 Nxd5 9. Nxd5 Qxd5 10. Be3 cxd4 11. Nxd4 Qh5 12. Nxc6 bxc6 13. Rc1 Qa5 14. Bxc6 Rb8 15. Bc5 Bh3 16. b4 Qxa2 17. Bg2 Bxg2 18. Kxg2 Rfd8 19. Rc2 Qa4 20. Rd2 1/2-1/2

[Event "BCF-chT2 0304 (4NCL)"]
[Site "West Bromwich"]
[Date "2004.05.03"]
[Round "9.2"]
[White "McFarland, Robert S"]
[Black "Conquest, Stuart"]
[Result "0-1"]
[WhiteElo "2268"]
[BlackElo "2524"]
[PlyCount "79"]
[EventDate "2003.11.17"]
[EventType "team"]
[EventRounds "11"]
[EventCountry "ENG"]
[SourceTitle "EXT 2005"]
[Source "ChessBase"]
[SourceDate "2004.11.15"]
[SourceVersion "1"]
[SourceVersionDate "2004.11.15"]
[SourceQuality "1"]
[WhiteTeam "Mindsports"]
[BlackTeam "Guildford II"]
[WhiteTeamCountry "ENG"]
[BlackTeamCountry "ENG"]

1. Nf3 d5 2. c4 d4 3. g3 g6 4. Bg2 Bg7 5. d3 e5 6. 0-0 Ne7 7. b4 0-0 8. Nbd2 h6 9. Rb1 Be6 10. Ne4 Nd7 11. e3 dxe3 12. fxe3 Rb8 13. Qc2 f5 14. Nf2 c6 15. Rd1 Qc7 16. d4 e4 17. Nd2 Bf7 18. Nb3 Nf6 19. a4 Rbc8 20. Bd2 g5 21. Re1 Kh8 22. Kh1 Bg8 23. Rbc1 Ng6 24. Qd1 Qf7 25. Rf1 Qe7 26. Nh3 Ng4 27. Qe2 b6 28. Nf2 Nf6 29. Nh3 Be6 30. Nf2 Qf7 31. Rc2 Qg8 32. Na1 Rfe8 33. Rfc1 Bd7 34. Nb3 f4 35. Qe1 fxg3 36. hxg3 Qf8 37. Nh3 Ng4 38. Qf1 Qd6 39. Qe1 Nh4 40. c5 0-1

[Event "BCF-chT2 0304 (4NCL)"]
[Site "West Bromwich"]
[Date "2004.01.18"]
[Round "4.4"]
[White "Corkett, Anthony R"]
[Black "McFarland, Robert S"]
[Result "1/2-1/2"]
[WhiteElo "2314"]
[BlackElo "2268"]
[PlyCount "115"]
[EventDate "2003.11.17"]
[EventType "team"]
[EventRounds "11"]
[EventCountry "ENG"]
[SourceTitle "EXT 2005"]
[Source "ChessBase"]
[SourceDate "2004.11.15"]
[SourceVersion "1"]
[SourceVersionDate "2004.11.15"]
[SourceQuality "1"]
[WhiteTeam "Wessex"]
[BlackTeam "Mindsports"]
[WhiteTeamCountry "ENG"]
[BlackTeamCountry "ENG"]

1. Nc3 g6 2. e4 Bg7 3. h4 h5 4. d4 c6 5. Bc4 d6 6. Bb3 e6 7. Nf3 d5 8. Qe2 dxe4 9. Nxe4 Nf6 10. Bg5 Qa5+ 11. Nfd2 Nxe4 12. Qxe4 Nd7 13. 0-0 0-0 14. c3 Nf6 15. Qf4 Nd5 16. Qg3 Qc7 17. Qxc7 Nxc7 18. Ne4 f6 19. Bd2 Rd8 20. Rad1 b6 21. Rfe1 Nd5 22. c4 Ne7 23. Bb4 Nf5 24. d5 c5 25. Bc3 e5 26. g3 Nd4 27. Bxd4 exd4 28. Kg2 Bd7 29. f3 Re8 30. Bc2 Re7 31. Nd6 Rxe1 32. Rxe1 Bf8 33. Ne4 Kf7 34. Nf2 Re8 35. Rxe8 Bxe8 36. Nd3 Bd6 37. Nf2 f5 38. f4 Bd7 39. Kf3 Kf6 40. Nd3 a5 41. b3 Be8 42. Ne1 Bd7 43. Bd3 Be8 44. Ke2 Ke7 45. Nc2 Bf7 46. Ne1 Be8 47. Bb1 Bd7 48. Nd3 Kf6 49. a3 Be8 50. Ba2 b5 51. Kd2 b4 52. axb4 axb4 53. Ne1 Ke7 54. Nf3 Bb8 55. Bb1 Kd6 56. Bd3 Bc7 57. Ng5 Bd8 58. Nf3 1/2-1/2

[Event "BCF-chT2 0203 (4NCL)"]
[Site "West Bromwich"]
[Date "2003.05.04"]
[Round "10.2"]
[White "McFarland, Robert S"]
[Black "Jossien, Arnaud"]
[Result "1/2-1/2"]
[WhiteElo "2292"]
[BlackElo "2340"]
[PlyCount "46"]
[EventDate "2002.11.??"]
[EventType "team"]
[EventRounds "11"]
[EventCountry "ENG"]
[SourceTitle "EXT 2004"]
[Source "ChessBase"]
[SourceDate "2003.11.25"]
[SourceVersion "1"]
[SourceVersionDate "2003.11.25"]
[SourceQuality "1"]
[WhiteTeam "White Rose"]
[BlackTeam "Kings Head"]
[WhiteTeamCountry "ENG"]
[BlackTeamCountry "ENG"]

1. Nf3 e6 2. g3 f5 3. Bg2 Nf6 4. b3 Be7 5. Bb2 0-0 6. 0-0 d6 7. d4 Bd7 8. c4 Qe8 9. Nc3 Ne4 10. e3 Qg6 11. Nxe4 fxe4 12. Nd2 d5 13. f3 exf3 14. Nxf3 Nc6 15. Qe2 Rad8 16. Rad1 Be8 17. Rfe1 Qg4 18. Rf1 Bh5 19. Rf2 Rf7 20. Rdf1 Rdf8 21. cxd5 exd5 22. Qb5 Qd7 23. Qxb7 Qe6 1/2-1/2

[Event "BCF-chT2 0203 (4NCL)"]
[Site "West Bromwich"]
[Date "2003.05.03"]
[Round "9.2"]
[White "Spice, Alan"]
[Black "McFarland, Robert S"]
[Result "1-0"]
[WhiteElo "2163"]
[BlackElo "2292"]
[PlyCount "81"]
[EventDate "2002.11.??"]
[EventType "team"]
[EventRounds "11"]
[EventCountry "ENG"]
[SourceTitle "EXT 2004"]
[Source "ChessBase"]
[SourceDate "2003.11.25"]
[SourceVersion "1"]
[SourceVersionDate "2003.11.25"]
[SourceQuality "1"]
[WhiteTeam "SW Dragons II"]
[BlackTeam "White Rose"]
[WhiteTeamCountry "ENG"]
[BlackTeamCountry "ENG"]

1. Nc3 g6 2. h4 Nf6 3. d4 Bg7 4. Bg5 d6 5. Bxf6 exf6 6. e3 c6 7. Qd2 Nd7 8. h5 a6 9. h6 Bf8 10. e4 b5 11. 0-0-0 Qa5 12. Kb1 Nb6 13. Qf4 Be7 14. Nf3 b4 15. Ne2 Be6 16. Nc1 g5 17. Qe3 Nc4 18. Bxc4 Bxc4 19. e5 Be6 20. d5 cxd5 21. Nb3 Qd8 22. exf6 Bxf6 23. Nbd4 Kd7 24. Rhe1 Bg4 25. Qb3 Qa5 26. Nf5 Bxf5 27. Rxd5 Bxc2+ 28. Kxc2 Qc7+ 29. Kb1 Rhe8 30. Red1 Re6 31. Nd4 Bxd4 32. R5xd4 a5 33. Qf3 Rf8 34. Qf5 Ke7 35. Qxg5+ f6 36. Qf5 Rf7 37. Re4 Re5 38. f4 Rxe4 39. Qxe4+ Kf8 40. Qa8+ Ke7 41. Re1+ 1-0

[Event "BCF-chT2 0203 (4NCL)"]
[Site "West Bromwich"]
[Date "2003.04.13"]
[Round "8.1"]
[White "McFarland, Robert S"]
[Black "Davies, Nigel Rodney"]
[Result "0-1"]
[WhiteElo "2292"]
[BlackElo "2483"]
[PlyCount "94"]
[EventDate "2002.11.??"]
[EventType "team"]
[EventRounds "11"]
[EventCountry "ENG"]
[SourceTitle "EXT 2004"]
[Source "ChessBase"]
[SourceDate "2003.11.25"]
[SourceVersion "1"]
[SourceVersionDate "2003.11.25"]
[SourceQuality "1"]
[WhiteTeam "White Rose"]
[BlackTeam "Numerica 3CS"]
[WhiteTeamCountry "ENG"]
[BlackTeamCountry "ENG"]

1. Nf3 g6 2. g3 Bg7 3. Bg2 e5 4. d3 d6 5. c4 f5 6. Nc3 Nf6 7. 0-0 0-0 8. Bd2 h6 9. Ne1 Qe7 10. Nc2 c6 11. Qc1 Kh7 12. e4 Na6 13. b4 f4 14. gxf4 exf4 15. Bxf4 Nh5 16. Bd2 Qh4 17. f4 Bh3 18. Rb1 Bxc3 19. Bxc3 Bxg2 20. Kxg2 Nxf4+ 21. Kh1 Nxd3 22. Qe3 Nf2+ 23. Kg1 Qg4+ 24. Qg3 Qxg3+ 25. hxg3 Nxe4 26. Be1 Nc7 27. Nd4 d5 28. c5 Rxf1+ 29. Kxf1 Rf8+ 30. Ke2 Re8 31. Kd3 Ne6 32. Nxe6 Rxe6 33. Kd4 Ng5 34. Kd3 Nf3 35. Bc3 Ne5+ 36. Bxe5 Rxe5 37. b5 h5 38. bxc6 bxc6 39. Rb7+ Kh6 40. Rxa7 Rg5 41. Ra6 Rxg3+ 42. Ke2 h4 43. Kf2 Kh5 44. Rxc6 Ra3 45. Rd6 Rxa2+ 46. Kg1 Rc2 47. Rxd5+ g5 0-1

[Event "BCF-chT2 0203 (4NCL)"]
[Site "West Bromwich"]
[Date "2003.04.12"]
[Round "7.1"]
[White "Hynes, Anthony"]
[Black "McFarland, Robert S"]
[Result "1-0"]
[WhiteElo "2221"]
[BlackElo "2292"]
[PlyCount "71"]
[EventDate "2002.11.??"]
[EventType "team"]
[EventRounds "11"]
[EventCountry "ENG"]
[SourceTitle "EXT 2004"]
[Source "ChessBase"]
[SourceDate "2003.11.25"]
[SourceVersion "1"]
[SourceVersionDate "2003.11.25"]
[SourceQuality "1"]
[WhiteTeam "Warwicks Select"]
[BlackTeam "White Rose"]
[WhiteTeamCountry "ENG"]
[BlackTeamCountry "ENG"]

1. e4 g6 2. d4 Bg7 3. Nc3 d6 4. f4 a6 5. Nf3 Bg4 6. Be3 e6 7. h3 Bxf3 8. Qxf3 h5 9. 0-0-0 Nd7 10. f5 e5 11. fxg6 fxg6 12. Bc4 Qf6 13. Qe2 exd4 14. Rhf1 Qe5 15. Bxd4 Qg5+ 16. Be3 Qa5 17. Bf7+ Kd8 18. Rd5 b5 19. Bg5+ Kc8 20. Be6 Nh6 21. e5 Re8 22. Bxd7+ Kxd7 23. Qd2 Rh8 24. e6+ Kc8 25. e7 Kb7 26. Qd3 Bxc3 27. bxc3 Qxa2 28. Rxb5+ axb5 29. Qxb5+ Ka7 30. Be3+ c5 31. Qd7+ Kb6 32. Qxd6+ Kb7 33. Qd7+ Kb6 34. Rf6+ Ka5 35. Qc7+ Ka4 36. Qc6+ 1-0

[Event "BCF-chT2 0203 (4NCL)"]
[Site "West Bromwich"]
[Date "2003.01.19"]
[Round "4.1"]
[White "McFarland, Robert S"]
[Black "Broom, Mark"]
[Result "1-0"]
[WhiteElo "2292"]
[BlackElo "2240"]
[PlyCount "89"]
[EventDate "2002.11.??"]
[EventType "team"]
[EventRounds "11"]
[EventCountry "ENG"]
[SourceTitle "EXT 2004"]
[Source "ChessBase"]
[SourceDate "2003.11.25"]
[SourceVersion "1"]
[SourceVersionDate "2003.11.25"]
[SourceQuality "1"]
[WhiteTeam "White Rose"]
[BlackTeam "The ADS II"]
[WhiteTeamCountry "ENG"]
[BlackTeamCountry "ENG"]

1. Nf3 d5 2. g3 Nf6 3. c4 c6 4. b3 Bf5 5. Bg2 e6 6. 0-0 h6 7. Bb2 Nbd7 8. d3 Be7 9. Nbd2 0-0 10. a3 a5 11. Qc2 Bh7 12. Bc3 Bd6 13. Qb2 Qe7 14. Ne5 Nxe5 15. Bxe5 Bxe5 16. Qxe5 Rfc8 17. Rfc1 b5 18. Rc2 bxc4 19. bxc4 Ng4 20. Qd4 Bf5 21. Rb2 Rab8 22. Rab1 Rxb2 23. Qxb2 Qa7 24. Qb6 Qe7 25. Qxa5 Qf6 26. Nf3 dxc4 27. Qa6 Rd8 28. Qxc4 Ne5 29. Qc1 Bxd3 30. Nxe5 Bxb1 31. Nxc6 Ba2 32. Nxd8 Qxd8 33. Qc2 Bd5 34. Qd3 Qf6 35. Bxd5 exd5 36. Kg2 d4 37. Qb5 h5 38. Qxh5 d3 39. exd3 Qd6 40. Qa5 Qxd3 41. Qa8+ Kh7 42. a4 g5 43. h3 f5 44. Qf3 Qd7 45. Qh5+ 1-0

[Event "BCF-chT 0102 (4NCL)"]
[Site "Birmingham"]
[Date "2002.05.06"]
[Round "11.7"]
[White "Barrett, Stephen J"]
[Black "McFarland, Robert S"]
[Result "0-1"]
[WhiteElo "2199"]
[BlackElo "2280"]
[PlyCount "64"]
[EventDate "2001.09.22"]
[EventType "team"]
[EventRounds "11"]
[EventCountry "ENG"]
[SourceTitle "CBM 084 Extra"]
[Source "ChessBase"]
[SourceDate "2001.10.26"]
[SourceVersion "1"]
[SourceVersionDate "2001.10.26"]
[SourceQuality "1"]
[WhiteTeam "Thistle White Rose"]
[BlackTeam "Bristol"]
[WhiteTeamCountry "ENG"]
[BlackTeamCountry "ENG"]

1. d4 g6 2. c4 Bg7 3. Nc3 d6 4. e4 Nf6 5. f4 0-0 6. Nf3 c5 7. d5 e6 8. Be2 exd5 9. cxd5 Bg4 10. 0-0 Nbd7 11. Re1 Re8 12. h3 Bxf3 13. Bxf3 Qa5 14. g4 h6 15. h4 c4 16. g5 hxg5 17. hxg5 Nh7 18. Bg4 Nc5 19. e5 dxe5 20. f5 Nd3 21. Rf1 Qb6+ 22. Kg2 Nf4+ 23. Rxf4 exf4 24. f6 Nxf6 25. gxf6 Qxf6 26. Qf3 g5 27. Bd2 Qg6 28. Rd1 Qc2 29. Kh1 Rad8 30. Qh3 Re5 31. Bc1 Rd6 32. Qf1 Rh6+ 0-1